Biggest City in each U.S. State by Letter W - Statistics

General Stats
  • This quiz has been taken 899 times
  • The average score is 9 of 18
Answer Stats
State Population City % Correct
Kansas 382,368 Wichita
91%
Delaware 70,635 Wilmington
81%
Massachusetts 181,045 Worcester
80%
Texas 124,805 Waco
67%
North Carolina 229,618 Winston-Salem
67%
Michigan 134,056 Warren
55%
Rhode Island 82,672 Warwick
54%
Utah 135,546 West Valley City
53%
Florida 111,398 West Palm Beach
50%
Connecticut 110,366 Waterbury
44%
Illinois 89,078 Waukegan
40%
Colorado 106,114 Westminster
39%
Wisconsin 70,718 Waukesha
36%
Iowa 68,406 Waterloo
33%
California 106,098 West Covina
26%
New York 56,853 White Plains
26%
Georgia 66,588 Warner Robins
21%
Minnesota 61,961 Woodbury
14%
No matching quizzes found
Score Distribution
Percent of People with Each Score
Percentile by Number Answered
Your Score History
You have not taken this quiz